Grand Theft Auto 5 Story Mode Quiz - Statistics

General Stats
  • This quiz has been taken 1,743 times
  • The average score is 10 of 15
Answer Stats
Hint Answer % Correct
Main Character #2 Franklin
99%
Main Character #3 Trevor
99%
Main Character #1 Michael
98%
Name of Main City Los Santos
97%
Name of Franklin's Dog Chop
92%
Franklin's Best Friend Lamar
92%
Creators of the game Rockstar
92%
Where Trevor Lives Sandy Shores
76%
Name of Major Motorcycle Group Lost
58%
Name of Island San Andreas
56%
Name of Rural County Blaine County
43%
Name of Most Expensive Story Mode Car Z-Type
39%
Name of Fastest Story Mode Car T20
19%
Mission Name of the first Hiest Jewel Store Job
14%
When was Grand Theft Auto 5 Released September 17, 2013
9%
No matching quizzes found
Score Distribution
Percent of People with Each Score
Percentile by Number Answered
Your Score History
You have not taken this quiz